Statistiques concernant Préfectures et sous-préfectures commençant par les lettres J/O/Q/U/Y

Cliquez ici pour prendre le quiz!

Statistiques générales

  • Ce quiz a été pris 35 fois
  • Le résultat moyen est 3 sur 6

Statistiques - réponses

Réponses% Correct
QQuimper
100%
OOrléans
79%
UUssel
55%
YYssingeaux
48%
OOloron-Sainte-Marie
36%
JJonzac
24%

Distribution des résultats

Percentile par nombre de réponses

% des personnes avec chaque résultat

Votre développement - résultats

Vous n’avez pas pris ce quiz